Sports Quiz

Random Sports or NFL Quiz

NFL QBs with 30+ Passing TDs Season(s) Quiz Stats

 Plays Quiz not verified by Sporcle

Challenge
Share
Tweet
Embed
Score 0/11 Timer 04:00
0 Plays Today
Touchdowns Player % Correct
49/31/31Peyton Manning
99.5%
50Tom Brady
98.3%
30/32Brett Favre
92%
34Drew Brees
90.9%
30Philip Rivers
86.3%
34Kurt Warner
81.2%
31Donovan Mcnabb
79.6%
36Tony Romo
73.6%
39Daunte Culpepper
67.5%
32Ben Roethlisberger
66.8%
32Carson Palmer
62.6%

You're not logged in!

Compare scores with friends on all Sporcle quizzes.
OR
Log In

You Might Also Like...

Show Comments

Extras

Top Quizzes Today


Score Distribution

Your Account Isn't Verified!

In order to create a playlist on Sporcle, you need to verify the email address you used during registration. Go to your Sporcle Settings to finish the process.

Report this User

Report this user for behavior that violates our Community Guidelines.

Details: